ਤਿੱਨ ਰੁੱਤਾਂ (Record no. 1067804)

MARC details
000 -LEADER
fixed length control field 00585nam a2200193Ia 4500
003 - CONTROL NUMBER IDENTIFIER
control field OSt
005 - DATE AND TIME OF LATEST TRANSACTION
control field 20260119151214.0
008 - FIXED-LENGTH DATA ELEMENTS--GENERAL INFORMATION
fixed length control field 221004b |||||||| |||| 00| 0 pan d
037 ## - SOURCE OF ACQUISITION
Terms of availability TB
040 ## - CATALOGING SOURCE
Original cataloging agency AL
Transcribing agency AL
Language of cataloging pan
041 ## - LANGUAGE CODE
Source of code pan
Language code of text/sound track or separate title pan
084 ## - COLON CLASSIFICATION NUMBER
Classification number O153,2NPAx, N1
Assigning agency AL
100 ## - MAIN ENTRY--PERSONAL NAME
Personal name ਨਨਕਾਣਵੀ, ਪਾਂਧੀ
9 (RLIN) 905456
245 #0 - TITLE STATEMENT
Title ਤਿੱਨ ਰੁੱਤਾਂ
260 ## - PUBLICATION, DISTRIBUTION, ETC.
Date of publication, distribution, etc. 1991.
650 ## - SUBJECT ADDED ENTRY--TOPICAL TERM
Topical term or geographic name entry element ਪੰਜਾਬੀ ਸਾਹਿਤ
9 (RLIN) 905457
942 ## - ADDED ENTRY ELEMENTS (KOHA)
Classification part O153,2NPAx, N1
Koha item type Textbook
Source of classification or shelving scheme Colon Classification (CC)
Suppress in OPAC No

No items available.

Copyright @ Delhi University Library System